Matalib-e-Zarb-e-Kalim مطالب ضرب کلیم ارمغانِ حجاز / (Record no. 594360)
[ view plain ]
| 000 -LEADER | |
|---|---|
| fixed length control field | 00467nam a22001337a 4500 |
| 003 - CONTROL NUMBER IDENTIFIER | |
| control field | NUST |
| 005 - DATE AND TIME OF LATEST TRANSACTION | |
| control field | 20230328114242.0 |
| 008 - FIXED-LENGTH DATA ELEMENTS--GENERAL INFORMATION | |
| fixed length control field | 230328b ||||| |||| 00| 0 eng d |
| 082 ## - DEWEY DECIMAL CLASSIFICATION NUMBER | |
| Classification number | 891.4391,MEH |
| 245 ## - TITLE STATEMENT | |
| Title | Matalib-e-Zarb-e-Kalim مطالب ضرب کلیم ارمغانِ حجاز / |
| Statement of responsibility, etc. | Moulana Ghulam Rasool Meher مولانا غلام رسول مہر |
| 260 ## - PUBLICATION, DISTRIBUTION, ETC. | |
| Place of publication, distribution, etc. | Lahore, Pakistan. |
| Name of publisher, distributor, etc. | Shaikh Ghulam Ali & Sons |
| 300 ## - PHYSICAL DESCRIPTION | |
| Extent | 356p. |
| 942 ## - ADDED ENTRY ELEMENTS (KOHA) | |
| Source of classification or shelving scheme | |
| Koha item type | Book |
| Call number prefix | 891.4391,MEH |
| Withdrawn status | Lost status | Source of classification or shelving scheme | Damaged status | Not for loan | Permanent Location | Current Location | Shelving location | Date acquired | Total Checkouts | Full call number | Barcode | Date last seen | Date last checked out | Price effective from | Koha item type | Public note |
|---|---|---|---|---|---|---|---|---|---|---|---|---|---|---|---|---|
| Military College of Signals (MCS) | Military College of Signals (MCS) | General Stacks | 03/28/2023 | 1 | 891.4391,MEH | MCS37856 | 12/03/2025 | 11/18/2025 | 03/28/2023 | Book | Almirha No 66, Shelf No 1 |
